| 000 | 00000nam##2200000za#4500 |
| 001 | 9.648416 |
| 003 | CaOODSP |
| 005 | 20200401083801 |
| 007 | ta |
| 008 | 150407|2002||||xxc||||| f|0| 0 eng|d |
| 020 | |a0-662-31406-9 |
| 040 | |aCaOODSP|beng |
| 043 | |an-cn--- |
| 086 | 1 |aRH64-11/2001E |
| 110 | 1 |aCanada.|bHuman Resources Development Canada. |bApplied Research Branch. |
| 245 | 10|aResults from the survey of self-employment in Canada / |cprepared by Benoit Delage. |
| 260 | |aOttawa - Ontario : |bHuman Resources Development Canada. |c2002. |
| 300 | |a109p. : |bfigs., graphs, references, tables ; |c28 cm. |
| 500 | |a"The first goal of this report is to present a basic description of the results of the SSE... The second goal of this report is to assess the situation of the self-employed by comparing what is learned from this survey with data sources on employees." --Introduction |
| 504 | |aBibliography. |
| 520 | 3 |aThe first goal of this report is to present a basic description of the results of the SSE... The second goal of this report is to assess the situation of the self-employed by comparing what is learned from this survey with data sources on employees. --Introduction |
| 563 | |aSoftcover |
| 590 | |a02-07|b2002-02-15 |
| 690 | 07|aSelf employment|2gcpds |
| 690 | 07|aSurveys|2gcpds |
| 720 | 1 |aDelage, Benoit |
| 775 | 08|tRésultats de l'Enquête sur le travail indépendant au Canada / |w(CaOODSP)9.681714 |
| 776 | 0#|tResults from the survey of self-employment in Canada / |w(CaOODSP)9.698310 |